AH International Schools' Libraries

The siege of Mt. Nevermind / (Record no. 49348)

MARC details
000 -LEADER
fixed length control field 00411nam a2200145 4500
020 ## - INTERNATIONAL STANDARD BOOK NUMBER
International Standard Book Number 0786913819
100 ## - MAIN ENTRY--PERSONAL NAME
Personal name Ryan, Fergus.
9 (RLIN) 86562
245 ## - TITLE STATEMENT
Title The siege of Mt. Nevermind /
Statement of responsibility, etc Fergus Ryan.
260 ## - PUBLICATION, DISTRIBUTION, ETC. (IMPRINT)
Place of publication, distribution, etc Belgium:
Name of publisher, distributor, etc Wizards of the Coast;
Date of publication, distribution, etc 2001.
300 ## - PHYSICAL DESCRIPTION
Extent 312 p.
Other physical details maps;
Dimensions 17 cm.
490 ## - SERIES STATEMENT
Series statement Chaos war series; Bk. 5
650 ## - SUBJECT ADDED ENTRY--TOPICAL TERM
Topical term or geographic name as entry element Gnomes.
Form subdivision Fiction.
655 ## - INDEX TERM--GENRE/FORM
Genre/form data or focus term Fantasy.
9 (RLIN) 56253
942 ## - ADDED ENTRY ELEMENTS (KOHA)
Source of classification or shelving scheme
Koha item type J FIC BOOKS
Holdings
Withdrawn status Lost status Source of classification or shelving scheme Damaged status Not for loan Collection code Home library Current library Shelving location Date acquired Total Checkouts Full call number Barcode Date last seen Date checked out Price effective from Koha item type
          SECONDARY Asian Hope Secondary Library Asian Hope Secondary Library Junior Fiction 08/19/2025 1 J FIC RYA BK. 5 208745 03/24/2026 03/10/2026 08/19/2025 J FIC BOOKS

For any Logos Library related questions please contact Miss Art at swongnarasuk@asianhope.org.

For any Asian Hope Library related questions please contact Miss Raza at graza@asianhope.org.

Powered by Koha